000
00359nam a2200181Ia 4500
003
IT-RoPAU
008
120407s9999 xx 000 0 und d
040
_a
IT-RoPAU
040
_c
IT-RoPAU
041
_a
lat
100
_a
Bernard Lonergan
100
_c
s.j.
245
_a
De Deo Trino.
300
_c
cm
490
_v
1
942
_c
BK
999
_c
16752
_d
16752